Santa Engracia, número dos o tres / (Record no. 13249)

MARC details
000 -LEADER
campo de control de longitud fija 00780nam a22002655i 4500
001 - NÚMERO DE CONTROL
campo de control 13249
003 - IDENTIFICADOR DE NÚMERO DE CONTROL
campo de control ES-MaACL
005 - FECHA Y HORA DE LA ÚLTIMA TRANSACCIÓN
campo de control 20230906150532.0
007 - CAMPO FIJO DE DESCRIPCIÓN FÍSICA--INFORMACIÓN GENERAL
campo de control de longitud fija t|
008 - DATOS DE LONGITUD FIJA--INFORMACIÓN GENERAL
campo de control de longitud fija 911011s1989 sp ||||0| spa j
020 ## - NÚMERO INTERNACIONAL ESTÁNDAR DEL LIBRO
Número Internacional Estándar del Libro 84-207-3193-5
040 ## - FUENTE DE CATALOGACIÓN
Centro catalogador/agencia de origen M-BN
Lengua de catalogación spa
Centro/agencia transcriptor M-BN
080 ## - NÚMERO DE LA CLASIFICACIÓN DECIMAL UNIVERSAL
Número de la Clasificación Decimal Universal 087.5:82
080 ## - NÚMERO DE LA CLASIFICACIÓN DECIMAL UNIVERSAL
Número de la Clasificación Decimal Universal 82:087.5
100 1# - ENTRADA PRINCIPAL--NOMBRE DE PERSONA
Nombre de persona Fraile, Medardo.
9 (RLIN) 52103
245 10 - MENCIÓN DEL TÍTULO
Título Santa Engracia, número dos o tres /
Mención de responsabilidad, etc. Medardo Fraile ; ilustraciones, Mabel Piérola.
250 ## - MENCION DE EDICION
Mención de edición [1ª ed.].
260 ## - PUBLICACIÓN, DISTRIBUCIÓN, ETC.
Lugar de publicación, distribución, etc. Madrid :
Nombre del editor, distribuidor, etc. Anaya,
Fecha de publicación, distribución, etc. 1989.
300 ## - DESCRIPCIÓN FÍSICA
Extensión 95 p :
Otras características físicas il ;
Dimensiones 19 cm.
490 1# - MENCIÓN DE SERIE
Mención de serie Luna de papel ;
Designación de volumen o secuencia 30
700 1# - ENTRADA AGREGADA--NOMBRE PERSONAL
Nombre de persona Piérola, Mabel.
9 (RLIN) 91949
830 0# - PUNTO DE ACCESO ADICIONAL DE SERIE-TÍTULO UNIFORME
Título uniforme Luna de papel ;
Designación de volumen o secuencia 30
9 (RLIN) 179457
852 ## - LOCALIZACIÓN
Ubicación ES-MaACL
Número de control de estantería L-20567
Sublocalización o colección R.126286
condición física . - Firma autógr. del autor
Holdings
Estatus retirado Estado de pérdida Estado de daño No para préstamo Biblioteca de origen Biblioteca actual Ubicación en estantería Fecha de adquisición Fuente de adquisición Total de préstamos Signatura topográfica completa Código de barras Visto por última vez Precio de reemplazo Tipo de ítem Koha
        Biblioteca del Ateneo de Madrid Biblioteca del Ateneo de Madrid Depósito 2 17/01/2008     L-20567 1013491 23/02/2023 23/02/2023 Libro impreso